Vlastivedný slovník obcí na Slovensku. 1 /

Uložené v:
Podrobná bibliografia
Hlavný autor: Kropilák, Miroslav, 1918-1995 (Author)
Médium: Kniha
Jazyk:Slovak
Vydané: Bratislava : Veda, 1977.
Vydanie:[1. vyd.]
ISBN: (viaz.)
Fyzický popis: 526 s. : prevažne čierno-biele fotogr. ; 26 cm.
Tagy: Pridať tag
Žiadne tagy, Buďte prvý kto otaguje tento záznam!

MARC

LEADER 00000nam a2200000 a 4500
001 000171865
005 20090317081930.0
008 040101s1977 xo e 000 0 slo d
020 |a (viaz.) 
040 |a SVKKK  |b slo  |c SVKKK  |e AACR2 
041 0 |a slo 
044 |a xo  |c SK 
245 0 0 |a Vlastivedný slovník obcí na Slovensku.  |n 1 /  |c [hlavný redaktor Miroslav Kropilák]. 
250 |a [1. vyd.] 
260 |a Bratislava :  |b Veda,  |c 1977. 
300 |a 526 s. :  |b prevažne čierno-biele fotogr. ;  |c 26 cm. 
700 1 |a Kropilák, Miroslav,  |4 aut  |d 1918-1995 
910 |a svkkk 
998 |a BK 
090 |g SCKHL  |k Študovňa kníh  |a IV.89382  |i 2720009334  |s Príručka / Študovňa 
090 |g SCKHL  |k HIS - kancelária  |a IV.89380  |j 562525  |i 2720425449  |s Príručka / Študovňa 
090 |g SCKHL  |k Konzultanti  |a IV.89381  |i 2720376110  |s Príručka / Študovňa 
090 |g SCKHL  |k Sklad Pribinova prízemie  |a IV.89384  |i 2720305130  |s Absenčne 
090 |g SCKHL  |k Sklad Pribinova 1. posch.  |a IV.89383  |i 2720087978  |s Absenčne 
090 |g SCKHL  |k Sklad Pribinova 3. posch.  |a V.111472  |j 564129  |i 2720270233  |s Povinný výt.